Hydrodynamics of high-speed marine vehicles / (Record no. 27174)
[ view plain ]
| 000 -LEADER | |
|---|---|
| fixed length control field | 01728nam a2200265 i 4500 |
| 006 - FIXED-LENGTH DATA ELEMENTS--ADDITIONAL MATERIAL CHARACTERISTICS--GENERAL INFORMATION | |
| fixed length control field | m|||||o||d|||||||| |
| 007 - PHYSICAL DESCRIPTION FIXED FIELD--GENERAL INFORMATION | |
| fixed length control field | cr|||||||||||| |
| 008 - FIXED-LENGTH DATA ELEMENTS--GENERAL INFORMATION | |
| fixed length control field | 090508s2005||||enk o ||1 0|eng|d |
| 020 ## - INTERNATIONAL STANDARD BOOK NUMBER | |
| International Standard Book Number | 9780511546068 (ebook) |
| Qualifying information (R) | Online Resource |
| 040 ## - CATALOGING SOURCE | |
| Original cataloging agency | UkCbUP |
| Language of cataloging | eng |
| Description conventions | rda |
| 082 00 - DEWEY DECIMAL CLASSIFICATION NUMBER | |
| Classification number | 623.8/1231 |
| Edition number | 22 |
| 100 1# - MAIN ENTRY--PERSONAL NAME | |
| Personal name | Faltinsen, O. M. |
| Fuller form of name | (Odd Magnus), |
| Dates associated with a name | 1944- |
| 245 10 - TITLE STATEMENT | |
| Title | Hydrodynamics of high-speed marine vehicles / |
| 260 ## - PUBLICATION, DISTRIBUTION, ETC. (IMPRINT) | |
| Place of publication, distribution, etc | London |
| Name of publisher, distributor, etc | Cambridge University Press |
| Date of publication, distribution, etc | 2009 |
| 300 ## - PHYSICAL DESCRIPTION | |
| Extent | 1 online resource (xix, 454 pages) : |
| Other physical details | digital, PDF file(s). |
| 500 ## - GENERAL NOTE | |
| General note | Title from publisher's bibliographic system (viewed on 05 Oct 2015). |
| 520 ## - SUMMARY, ETC. | |
| Summary, etc | Hydrodynamics of High-Speed Marine Vehicles, first published in 2006, discusses the three main categories of high-speed marine vehicles - vessels supported by submerged hulls, air cushions or foils. The wave environment, resistance, propulsion, seakeeping, sea loads and manoeuvring are extensively covered based on rational and simplified methods. Links to automatic control and structural mechanics are emphasized. A detailed description of waterjet propulsion is given and the effect of water depth on wash, resistance, sinkage and trim is discussed. Chapter topics include resistance and wash; slamming; air cushion-supported vessels, including a detailed discussion of wave-excited resonant oscillations in air cushion; and hydrofoil vessels. The book contains numerous illustrations, examples and exercises. |
| 650 #0 - SUBJECT ADDED ENTRY--TOPICAL TERM | |
| Topical term or geographic name as entry element | Motorboats. |
| Topical term or geographic name as entry element | Ships |
| General subdivision | Hydrodynamics. |
| Topical term or geographic name as entry element | Hydrodynamics. |
| Topical term or geographic name as entry element | Hydrofoil boats. |
| 776 08 - ADDITIONAL PHYSICAL FORM ENTRY | |
| Display text | Print version: |
| International Standard Book Number | 9780521845687 |
| 856 40 - ELECTRONIC LOCATION AND ACCESS | |
| Uniform Resource Identifier | <a href="https://doi.org/10.1017/CBO9780511546068">https://doi.org/10.1017/CBO9780511546068</a> |
| 942 ## - ADDED ENTRY ELEMENTS (KOHA) | |
| Source of classification or shelving scheme | |
| Item type | E-Book |
No items available.